Catálogo

Vista normal Vista MARC

Entrada Personal Name

Número de registros utilizados en: 1

001 - CONTROL NUMBER

  • control field: 10825

003 - CONTROL NUMBER IDENTIFIER

  • control field: DLC

005 - DATE AND TIME OF LATEST TRANSACTION

  • control field: 20200724123116.0

008 - FIXED-LENGTH DATA ELEMENTS

  • fixed length control field: 970305n| azannaabn |a aaa

010 ## - LIBRARY OF CONGRESS CONTROL NUMBER

  • LC control number: n 97023211
  • Canceled/invalid LC control number: n 87894628

035 ## - SYSTEM CONTROL NUMBER

  • System control number: (OCoLC)oca04286682

040 ## - CATALOGING SOURCE

  • Original cataloging agency: DLC
  • Language of cataloging: eng
  • Description conventions: rda
  • Transcribing agency: DLC
  • Modifying agency: DNLM
  • Modifying agency: DLC
  • Modifying agency: ICrlF
  • Modifying agency: Mx-PuUPA

100 1# - HEADING--PERSONAL NAME

  • Personal name: Walker, T. Stuart,

375 ## - GENDER

  • Gender: hombre

377 ## - ASSOCIATED LANGUAGE

  • Language code: spa

400 1# - SEE FROM TRACING--PERSONAL NAME

  • Personal name: Walker, Stuart
  • Fuller form of name: (T. Stuart)

670 ## - SOURCE DATA FOUND

  • Source citation: Microbiology, c1998:
  • Information found: CIP t.p. (T. Stuart Walker, PhD, prof. of medical education/microbiology, Muncie Ctr. for Medical Education, Ball State Univ. & Indiana Univ. School of Med., Municie, Ind.; adj. prof., Dept. of Microbiology & Immunology, Indiana Univ. School of Med., Indianapolis, Ind.)

670 ## - SOURCE DATA FOUND

  • Source citation: General principles of isolation technique, c1981:
  • Information found: credit frame (Stuart Walker, PhD, Ball State Memorial Hosp.)

670 ## - SOURCE DATA FOUND

  • Source citation: Microbiología, 2000:
  • Information found: portada (T. Stuart Walker)

670 ## - SOURCE DATA FOUND

  • Source citation: Biblioteca del Congreso (Estados Unidos), 24 de julio 2020:
  • Information found: catálogo electrónico
  • Uniform Resource Identifier: https://bit.ly/3jDPTz2